Organización Social y Adopción de Riego por Aspersión en la Cuenca del Río Mapacho / (Record no. 8532)

000 -CABECERA
fixed length control field 00979nam a22002177a 4500
003 - IDENTIFICADOR DEL NÚMERO DE CONTROL
control field AR-CdUCM
008 - DATOS DE LONGITUD FIJA--INFORMACIÓN GENERAL
fixed length control field 190325b ||||| |||| 00| 0 spa d
040 ## - FUENTE DE LA CATALOGACIÓN
Agencia/entidad que catalogó originalmente la obra MUNICIPALIDAD PROVINCIAL DEL CUSCO
Entidad que transcribió la catalogación BIBLIOTECA MUNICIPAL DEL CUSCO
082 ## - NÚMERO DE LA CLASIFICACIÓN DECIMAL DEWEY
No. de Clasificación 333.913 /
Notacion interna G66
100 ## - ENTRADA PRINCIPAL--NOMBRE DE PERSONA
Nombre Personal Gonzales Ríos, José
245 ## - MENCIÓN DE TÍTULO
Título Organización Social y Adopción de Riego por Aspersión en la Cuenca del Río Mapacho /
260 ## - PUBLICACIÓN, DISTRIBUCIÓN, ETC.
Lugar de publicación, distribución, etc. Cusco - Perú :
Nombre de la editorial, distribuidor, etc. Edmundo Pantigozo ;
Fecha de publicación, distribución, etc. 2000.
300 ## - DESCRIPCIÓN FÍSICA
Nº de Páginas Extensión 132 páginas ;
Otros detalles físicos Tablas
Dimensiones 20cm
Material acompañante Croquis, fotografías
505 ## - NOTA DE CONTENIDO CON FORMATO
Nota de contenido formateada Contenido: Antecedentes por riego de aspersión -- Sistema campesino de riego por aspersión -- Proceso de adopción de riego por aspersión -- Dinámica de la estructura organizativa...
650 ## - PUNTO DE ACCESO ADICIONAL DE MATERIA--TÉRMINO DE MATERIA
Descriptor Desarrollo comunitario
9 (RLIN) 23894
650 ## - PUNTO DE ACCESO ADICIONAL DE MATERIA--TÉRMINO DE MATERIA
Descriptor Riego por aspersión
9 (RLIN) 23895
650 ## - PUNTO DE ACCESO ADICIONAL DE MATERIA--TÉRMINO DE MATERIA
Descriptor Campesinos
9 (RLIN) 4401
710 ## - PUNTO DE ACCESO ADICIONAL--NOMBRE DE ENTIDAD CORPORATIVA
Nombre corporativo (En letras Mayúsculas) Universidad Nacional de San Antonio Abad del Cusco - IIUR
9 (RLIN) 23896
942 ## - ELEMENTOS DE PUNTO DE ACCESO ADICIONAL (KOHA)
Fuente de clasificación
Tipo de item Libros-BMC
945 ## - PROCESAMIENTO DE INFORMACIÓN LOCAL (OCLC)
Catalogador nom
Holdings
Estado de retiro (separado) Fuente de clasificación o esquema de estanterías Estado dañado Ubicación Sala donde se ubica Nombre de la colección Fecha de adquisición o compra Costo, precio normal en soles Signatura topográfica Código de Barras Última vez visto (Koha) Tipo de ítem (Koha)
No     Sala Humanidades Sala Humanidades Book Cart 2019-03-25 25.00 333.913 / G66 SH0000008976 2019-03-25 Libros-BMC

Powered by Koha